000 02643nam0a2200397 4500
001 RU\NLR\BIBL_A\022543999
005 20260420044607.0
010 _a978-5-7567-1367-1
021 _aRU
_bКН-П-25-017767
_9КН-П-25-1806
035 _a(NLR Aleph) 022543999
090 _a13672727
_c13672727
100 _a20250519d2025 u y0rusy50 ca
101 0 _arus
102 _aRU
105 _aa j 000yy
181 0 _ai
_baxxe
182 0 _an
200 1 _aНастольная книга бизнес-психолога
_eпрактическое руководство для психологов системы уравления и бизнеса
_eдля студентов магистратуры, обучающихся по направлению подготовки "Психология", бизнес-психологам, корпоративным психологам
_fО. В. Лобза, B. О. Леонова
_gМосковский государственный институт международных отношений (университет) МИД России, Одинцовский филиал
203 _aТекст
_bвизуальный
_cнепосредственный
210 _aМосква
_cАспект Пресс
_d2025
215 _a360, [2] с.
_cил., табл., цв. ил.
_d22
225 1 _aПрограмма стратегического академического лидерства "Приоритет – 2030"
225 1 _aПриоритет 2030
_eлидерами становятся
225 1 _aНациональные проекты России
_iНаука и университеты
300 _aВ конце кн. авт.: О. В. Лобза – канд. психол. наук, доц., B. О. Леонова – преподаватель, психоаналитик, психолог
320 _aБиблиогр.: с. 360–361
320 _aДругие тр. авт. в конце кн.
606 1 _aПредпринимательство
_jПрактические пособия
_xСоциально-психологические исследования
_92110122
_3RU\NLR\AUTH\661275335
686 1 _aС550.422.1я7
686 1 _aС550.373я7
700 1 _7ca
_8rus
_aЛобза
_bО. В.
_cканд. психол. наук
_gОльга Валерьевна
_92675080
_3RU\NLR\AUTH\770283681
701 1 _7ca
_8rus
_aЛеонова
_bВ. О.
_cпсихолог
_f1987-
_gВарвара Олеговна
_92675098
_3RU\NLR\AUTH\770283699
942 _cBOOK
980 _aNB